[Event "Prague op-A 15th"]
[Site "Prague"]
[Date "2016.01.14"]
[Round "8"]
[White "Cherednichenko, Elena"]
[Black "Lokander, Martin"]
[Result "1/2-1/2"]
[WhiteElo "2142"]
[BlackElo "2369"]
[PlyCount "50"]
[EventDate "2016.01.08"]
[EventType "swiss"]
[EventRounds "9"]
[EventCountry "CZE"]
[SourceTitle "CBM 170 Extra"]
[Source "ChessBase"]
[SourceDate "2016.02.25"]
[SourceVersion "1"]
[SourceVersionDate "2016.02.25"]
[SourceQuality "1"]

1. d4 c5 2. e3 cxd4 3. exd4 d5 4. Bd3 Nc6 5. c3 Qc7 6. Nf3 Bg4 7. Nbd2 e6 8. 0-0 Bd6 9. h3 Bh5 10. b3 Nf6 11. Bb2 0-0 12. Re1 Rfc8 13. Qb1 a5 14. a4 Rab8 15. Qa2 Bg6 16. Qb1 b5 17. Bxg6 hxg6 18. axb5 Rxb5 19. Qd3 Rb7 20. Ba3 Ne4 21. Nxe4 dxe4 22. Qxe4 Rxb3 23. Bxd6 Qxd6 24. c4 Rd8 25. Red1 Rb4 1/2-1/2

[Event "Prague op-A 14th"]
[Site "Prague"]
[Date "2015.01.16"]
[Round "9"]
[White "Abdumalik, Zhansaya"]
[Black "Cherednichenko, Elena"]
[Result "1-0"]
[WhiteElo "2369"]
[BlackElo "2186"]
[PlyCount "71"]
[EventDate "2015.01.09"]
[EventType "swiss"]
[EventRounds "9"]
[EventCountry "CZE"]
[SourceTitle "CBM 164 Extra"]
[Source "ChessBase"]
[SourceDate "2015.03.02"]
[SourceVersion "1"]
[SourceVersionDate "2015.03.02"]
[SourceQuality "1"]

1. e4 e5 2. Nf3 Nc6 3. Bb5 a6 4. Ba4 d6 5. c3 Bd7 6. 0-0 g6 7. d4 Bg7 8. Re1 Nge7 9. d5 Nb8 10. c4 0-0 11. Nc3 h6 12. b4 f5 13. Bb2 fxe4 14. Nxe4 Bg4 15. Ned2 Rf4 16. Rc1 Qf8 17. h3 Bc8 18. Bb3 g5 19. Nh2 Ng6 20. c5 Nh4 21. Qe2 Nf5 22. Ne4 Nd4 23. Bxd4 exd4 24. g3 Rf7 25. cxd6 Bxh3 26. dxc7 Nd7 27. c8Q Rxc8 28. Rxc8 Qxc8 29. Nd6 d3 30. Qh5 Qc3 31. Qxf7+ Kh7 32. Rd1 Ne5 33. Qh5 Bd7 34. Nf7 Nxf7 35. Qxf7 Bh3 36. Qf3 1-0

[Event "Brno op 5th"]
[Site "Brno"]
[Date "2014.11.19"]
[Round "6"]
[White "Burnett, Andrew"]
[Black "Cherednichenko, Elena"]
[Result "1/2-1/2"]
[WhiteElo "2269"]
[BlackElo "2174"]
[PlyCount "71"]
[EventDate "2014.11.15"]
[EventType "swiss"]
[EventRounds "9"]
[EventCountry "CZE"]
[SourceTitle "CBM 163 Extra"]
[Source "ChessBase"]
[SourceDate "2014.12.23"]
[SourceVersion "1"]
[SourceVersionDate "2014.12.23"]
[SourceQuality "1"]

1. d4 d5 2. c4 e6 3. Nf3 Nf6 4. Nc3 Be7 5. cxd5 exd5 6. Bf4 c6 7. Qc2 0-0 8. e3 Bd6 9. Bg3 Re8 10. Bd3 g6 11. Bxd6 Qxd6 12. h4 Nbd7 13. 0-0-0 Qe7 14. Kb1 b6 15. g4 Nxg4 16. h5 Qf6 17. hxg6 fxg6 18. Rdg1 Nf8 19. Rg3 Bf5 20. Bxf5 Qxf5 21. Qxf5 gxf5 22. Ne5 Ng6 23. Nxg4 fxg4 24. Rxg4 Re7 25. f4 Rg7 26. Rhg1 Rf8 27. b4 b5 28. Rg5 Rff7 29. f5 Nh4 30. f6 Rg6 31. e4 Nf3 32. Rxg6+ hxg6 33. Rxg6+ Kh7 34. Rg2 Rxf6 35. Rf2 dxe4 36. Nxe4 1/2-1/2

[Event "Brno op 5th"]
[Site "Brno"]
[Date "2014.11.19"]
[Round "5"]
[White "Kopecek, Ivan"]
[Black "Cherednichenko, Elena"]
[Result "0-1"]
[WhiteElo "1938"]
[BlackElo "2174"]
[PlyCount "84"]
[EventDate "2014.11.15"]
[EventType "swiss"]
[EventRounds "9"]
[EventCountry "CZE"]
[SourceTitle "CBM 163 Extra"]
[Source "ChessBase"]
[SourceDate "2014.12.23"]
[SourceVersion "1"]
[SourceVersionDate "2014.12.23"]
[SourceQuality "1"]

1. d4 d5 2. Nc3 Nf6 3. Bf4 Bf5 4. e3 e6 5. Bd3 Bxd3 6. Qxd3 c6 7. Nf3 Nh5 8. Bg5 Be7 9. Bxe7 Qxe7 10. Ne2 Nd7 11. e4 dxe4 12. Qxe4 Qb4+ 13. c3 Qxb2 14. 0-0 Nhf6 15. Qd3 Qb6 16. a4 0-0 17. a5 Qc7 18. h3 Rfd8 19. Qc4 Ne4 20. Ng3 Nxg3 21. fxg3 Qxg3 22. Qb4 Rab8 23. Qe7 b6 24. a6 h6 25. Ne5 Nxe5 26. dxe5 Rd2 27. Qxf7+ Kh7 28. Qf3 Qxf3 29. Rxf3 Kg6 30. Rf2 Rbd8 31. Ra2 Rxa2 32. Rxa2 Rd5 33. Kf2 Rxe5 34. c4 Kf7 35. Kf3 Ke7 36. Kf4 Rc5 37. Ra4 Ra5 38. Rb4 Rxa6 39. c5 b5 40. Ke5 Ra2 41. Rg4 g5 42. h4 Rc2 0-1

[Event "POL-chT1"]
[Site "Poronin"]
[Date "2014.09.01"]
[Round "3.2"]
[White "Warakomska, Anna"]
[Black "Cherednichenko, Elena"]
[Result "1-0"]
[WhiteElo "2173"]
[BlackElo "2166"]
[PlyCount "139"]
[EventDate "2014.08.31"]
[EventType "team-tourn"]
[EventRounds "9"]
[EventCountry "POL"]
[SourceTitle "CBM 162 Extra"]
[Source "ChessBase"]
[SourceDate "2014.10.17"]
[SourceVersion "1"]
[SourceVersionDate "2014.10.17"]
[SourceQuality "1"]
[WhiteTeam "Czestochowa Hetman"]
[BlackTeam "Raciborz Silesia"]
[WhiteTeamCountry "POL"]
[BlackTeamCountry "POL"]

1. e4 e5 2. Nf3 Nc6 3. Bb5 g6 4. d4 exd4 5. Bg5 Be7 6. Bxe7 Qxe7 7. Bxc6 dxc6 8. Qxd4 Nf6 9. Nc3 Bg4 10. Nd2 c5 11. Qe3 0-0-0 12. h3 Bd7 13. 0-0-0 Bc6 14. f3 b6 15. Nc4 h5 16. h4 Rhe8 17. Qg5 Qe6 18. Ne3 Nh7 19. Qh6 Nf6 20. Qf4 b5 21. Ned5 Bxd5 22. Nxb5 Qb6 23. exd5 Nxd5 24. Qa4 a6 25. Rxd5 Rxd5 26. Nd6+ Qxd6 27. Qxe8+ Kb7 28. Qxf7 Rd2 29. g4 Rd4 30. gxh5 gxh5 31. Qxh5 Qf4+ 32. Kb1 Qh2 33. Rc1 Rxh4 34. Qxc5 Qd2 35. a3 Rf4 36. Qe5 Kb6 37. Rg1 Kb7 38. b3 Rf7 39. Qe4+ Ka7 40. Rg8 Qd1+ 41. Ka2 Qxf3 42. Ra8+ Kb6 43. Qb4+ Kc6 44. Rxa6+ Kd7 45. Qb5+ Ke7 46. Rc6 Qf4 47. Qc5+ Kd7 48. Qd5+ Ke7 49. Qe6+ Kf8 50. Qc8+ Kg7 51. Rc4 Qf6 52. Rg4+ Kh7 53. Rg3 Rg7 54. Rh3+ Kg6 55. Qg4+ Kf7 56. Qf3 Qxf3 57. Rxf3+ Ke7 58. Rd3 Rg2 59. Kb2 Rg4 60. a4 Rf4 61. Kc3 Ke6 62. Rd4 Rf3+ 63. Kc4 Ke5 64. a5 Rf8 65. Rd1 Ra8 66. b4 Ke6 67. Kc5 Ra6 68. Kb5 Ra8 69. Kc6 Ra7 70. Re1+ 1-0

[Event "Pardubice Czech op-A 25th"]
[Site "Pardubice"]
[Date "2014.07.18"]
[Round "1"]
[White "Satyapragyan, Swayangsu"]
[Black "Cherednichenko, Elena"]
[Result "1-0"]
[WhiteElo "2393"]
[BlackElo "2182"]
[PlyCount "71"]
[EventDate "2014.07.18"]
[EventType "swiss"]
[EventRounds "9"]
[EventCountry "CZE"]
[SourceTitle "CBM 161 Extra"]
[Source "ChessBase"]
[SourceDate "2014.08.29"]
[SourceVersion "1"]
[SourceVersionDate "2014.08.29"]
[SourceQuality "1"]

1. e4 e5 2. Nf3 Nc6 3. Bb5 g6 4. d3 Bg7 5. c4 Nge7 6. Nc3 h6 7. Be3 Nd4 8. Ba4 c6 9. Qd2 Qa5 10. Bd1 d6 11. 0-0 g5 12. Kh1 Be6 13. b4 Qc7 14. Bxd4 exd4 15. Ne2 c5 16. Ba4+ Kd8 17. Nfg1 Ng6 18. f4 gxf4 19. Nxf4 Nxf4 20. Qxf4 cxb4 21. Qd2 a5 22. Nf3 Qc5 23. Rab1 Ra6 24. a3 Rb6 25. Bb5 bxa3 26. Qxa5 Ke7 27. Qa4 Bf6 28. Ra1 a2 29. Rxa2 Rxb5 30. cxb5 Bxa2 31. Qxa2 Qxb5 32. Qf2 Rh7 33. Nxd4 Bxd4 34. Qxd4 h5 35. h3 Rh6 36. Qg7 1-0

[Event "Donau op 22nd"]
[Site "Aschach"]
[Date "2013.12.29"]
[Round "5"]
[White "Neuman, Petr"]
[Black "Cherednichenko, Elena"]
[Result "1-0"]
[WhiteElo "2496"]
[BlackElo "2171"]
[PlyCount "153"]
[EventDate "2013.12.26"]
[EventType "swiss"]
[EventRounds "7"]
[EventCountry "AUT"]
[SourceTitle "CBM 158 Extra"]
[Source "ChessBase"]
[SourceDate "2014.02.28"]
[SourceVersion "1"]
[SourceVersionDate "2014.02.28"]
[SourceQuality "1"]

1. d4 d5 2. c4 e6 3. Nc3 Be7 4. Nf3 Nf6 5. Bf4 0-0 6. e3 b6 7. cxd5 Nxd5 8. Nxd5 exd5 9. Bd3 c5 10. dxc5 bxc5 11. 0-0 Nc6 12. Rc1 Be6 13. Bb1 Qb6 14. Ng5 Bxg5 15. Bxg5 c4 16. Qc2 f5 17. b3 Rac8 18. bxc4 dxc4 19. Qc3 Nb4 20. Rfd1 Nd3 21. Bxd3 cxd3 22. Qxd3 Rxc1 23. Rxc1 Qb2 24. Rb1 Qxa2 25. h3 h6 26. Bf4 Bc4 27. Qd1 Be2 28. Qc1 Rd8 29. Kh2 Qd5 30. Qc7 Qd7 31. Qa5 Bc4 32. Be5 a6 33. Qc3 Bb5 34. Rc1 Kh7 35. Qa1 Qf7 36. Rc5 Rd7 37. Qc3 Qe6 38. Bd4 Qg6 39. f4 Qe6 40. Qc2 Rf7 41. g4 Bd7 42. Kg3 Kg8 43. Re5 Qg6 44. Qb1 Kh7 45. Rc5 Qe6 46. Rc7 Qd5 47. Rc5 Qe6 48. Qd3 Kh8 49. Re5 Qg6 50. Bc3 Kh7 51. Rd5 Bb5 52. Qd4 fxg4 53. hxg4 Qb1 54. Qd1 Qe4 55. Re5 Qd3 56. Qxd3+ Bxd3 57. Re8 Bb5 58. Ra8 Re7 59. Bd4 Kg6 60. Rg8 Kh7 61. Rb8 Kg6 62. Rb6+ Kf7 63. f5 Rc7 64. Kf4 Bd3 65. e4 Rd7 66. Ke3 Bc4 67. e5 Rd8 68. e6+ Kf8 69. Rb7 Re8 70. Rf7+ Kg8 71. Rxg7+ Kf8 72. Rg6 Rc8 73. Rxh6 Ke7 74. Be5 Rg8 75. Rh7+ Ke8 76. Bd6 a5 77. Rb7 1-0

[Event "Stare Mesto op"]
[Site "Stare Mesto"]
[Date "2013.08.16"]
[Round "9"]
[White "Mulenko, Alexander"]
[Black "Cherednichenko, Elena"]
[Result "1/2-1/2"]
[WhiteElo "2042"]
[BlackElo "2167"]
[PlyCount "49"]
[EventDate "2013.08.09"]
[EventType "swiss"]
[EventRounds "10"]
[EventCountry "CZE"]
[SourceTitle "CBM 155 Extra"]
[Source "ChessBase"]
[SourceDate "2013.08.26"]
[SourceVersion "1"]
[SourceVersionDate "2013.08.26"]
[SourceQuality "1"]

1. Nf3 Nf6 2. g3 g6 3. Bg2 Bg7 4. 0-0 0-0 5. d4 d6 6. c4 Nc6 7. Nc3 a6 8. h3 Bd7 9. e4 e5 10. d5 Nd4 11. Nxd4 exd4 12. Qxd4 Qc8 13. Bh6 Bxh6 14. Qxf6 Bxh3 15. Qh4 Bxg2 16. Kxg2 Bg7 17. f4 Qd8 18. Qxd8 Raxd8 19. g4 Rde8 20. Rae1 f5 21. exf5 gxf5 22. g5 h6 23. gxh6 Bxh6 24. Kf3 Kf7 25. Rh1 1/2-1/2

[Event "Stare Mesto op"]
[Site "Stare Mesto"]
[Date "2013.08.14"]
[Round "7"]
[White "Talla, Vladimir"]
[Black "Cherednichenko, Elena"]
[Result "1-0"]
[WhiteElo "2374"]
[BlackElo "2167"]
[PlyCount "49"]
[EventDate "2013.08.09"]
[EventType "swiss"]
[EventRounds "10"]
[EventCountry "CZE"]
[SourceTitle "CBM 155 Extra"]
[Source "ChessBase"]
[SourceDate "2013.08.26"]
[SourceVersion "1"]
[SourceVersionDate "2013.08.26"]
[SourceQuality "1"]

1. d4 d5 2. c4 e6 3. Nc3 Be7 4. cxd5 exd5 5. Bf4 c6 6. Qc2 Bd6 7. Bxd6 Qxd6 8. e3 Ne7 9. Bd3 g6 10. f3 b6 11. Nge2 Ba6 12. 0-0 0-0 13. e4 Bxd3 14. Qxd3 c5 15. exd5 Nxd5 16. Ne4 Qc6 17. dxc5 f5 18. Ng5 Qxc5+ 19. Kh1 Re8 20. Rfc1 Qa5 21. b4 Nxb4 22. Qb3+ Nd5 23. Nc3 Rd8 24. Nxd5 Qxd5 25. Rd1 1-0

[Event "Stare Mesto op"]
[Site "Stare Mesto"]
[Date "2013.08.10"]
[Round "2"]
[White "Cherednichenko, Elena"]
[Black "Fuskova, Martina"]
[Result "1-0"]
[WhiteElo "2167"]
[BlackElo "1914"]
[PlyCount "120"]
[EventDate "2013.08.09"]
[EventType "swiss"]
[EventRounds "10"]
[EventCountry "CZE"]
[SourceTitle "CBM 155 Extra"]
[Source "ChessBase"]
[SourceDate "2013.08.26"]
[SourceVersion "1"]
[SourceVersionDate "2013.08.26"]
[SourceQuality "1"]

1. d4 Nf6 2. Nf3 e6 3. e3 b6 4. Bd3 Bb7 5. 0-0 c5 6. c4 Be7 7. Nc3 cxd4 8. exd4 d5 9. cxd5 Nxd5 10. Ne5 0-0 11. Qh5 Nf6 12. Qh4 Ne4 13. Qh5 Nf6 14. Qh4 Ne4 15. Qg4 f5 16. Qe2 Qxd4 17. Nf3 Qf6 18. Nxe4 fxe4 19. Bxe4 Bxe4 20. Qxe4 Nd7 21. Ng5 Qf5 22. Qxe6+ Qxe6 23. Nxe6 Rf7 24. Be3 Ne5 25. Rad1 Rc8 26. Rc1 Re8 27. Nc7 Rd8 28. Ne6 Re8 29. Nc7 Rd8 30. Nb5 Bf6 31. Rcd1 Nd3 32. b3 Rfd7 33. Na3 Nb4 34. Rxd7 Rxd7 35. Nb5 Nxa2 36. h3 Nb4 37. Rc1 Be5 38. Rc8+ Kf7 39. f4 Bf6 40. Ra8 a6 41. Na7 b5 42. Nc8 Nd5 43. Bc5 Nxf4 44. Nd6+ Kg6 45. Rxa6 Nd3 46. b4 Kh5 47. Nxb5 Rd5 48. Nc7 Nxc5 49. Rxf6 Re5 50. Rd6 Nb7 51. Rd5 Rxd5 52. Nxd5 Kg5 53. Kf2 Kf5 54. Ke3 Ke5 55. Nc7 g6 56. Nb5 Kd5 57. Kd3 Nd8 58. Nd4 Nb7 59. Nb5 Nd8 60. Nc3+ Kc6 1-0

[Event "EU-ch 14th"]
[Site "Legnica"]
[Date "2013.05.15"]
[Round "10"]
[White "Cherednichenko, Elena"]
[Black "Gaehwiler, Gabriel"]
[Result "0-1"]
[WhiteElo "2168"]
[BlackElo "2288"]
[PlyCount "76"]
[EventDate "2013.05.05"]
[EventType "swiss"]
[EventRounds "11"]
[EventCountry "POL"]
[SourceTitle "CBM 155"]
[Source "ChessBase"]
[SourceDate "2013.07.16"]
[SourceVersion "1"]
[SourceVersionDate "2013.07.16"]
[SourceQuality "1"]

1. d4 Nf6 2. Nf3 g6 3. Nc3 d5 4. Bf4 Bg7 5. e3 Bg4 6. Be2 Bxf3 7. Bxf3 c6 8. Qd2 Nbd7 9. h3 a5 10. a4 Nb6 11. Be2 Nfd7 12. Bg5 0-0 13. 0-0 f6 14. Bh4 e5 15. f4 Qc7 16. fxe5 fxe5 17. Bg3 Qd6 18. Rxf8+ Qxf8 19. Rd1 exd4 20. exd4 Bh6 21. Qd3 Re8 22. Bf2 Nc4 23. Qf3 Ne3 24. Bxe3 Bxe3+ 25. Kh1 Qe7 26. Rd3 Bh6 27. Rd1 Rf8 28. Qg3 Bf4 29. Qg4 Bc7 30. g3 Nf6 31. Qh4 Qe3 32. Rd3 Qc1+ 33. Bd1 Qxb2 34. Rf3 Bd8 35. Ne2 Qb4 36. Rf1 Ne4 37. Rxf8+ Qxf8 38. Qf4 Nf2+ 0-1

[Event "EU-ch 14th"]
[Site "Legnica"]
[Date "2013.05.13"]
[Round "8"]
[White "Cherednichenko, Elena"]
[Black "Lomsadze, David"]
[Result "1-0"]
[WhiteElo "2168"]
[BlackElo "2370"]
[PlyCount "35"]
[EventDate "2013.05.05"]
[EventType "swiss"]
[EventRounds "11"]
[EventCountry "POL"]
[SourceTitle "CBM 155"]
[Source "ChessBase"]
[SourceDate "2013.07.16"]
[SourceVersion "1"]
[SourceVersionDate "2013.07.16"]
[SourceQuality "1"]

1. d4 g6 2. Nf3 Bg7 3. e4 d6 4. Be3 Nd7 5. Bc4 e6 6. Nc3 a6 7. a4 b6 8. Qd2 Bb7 9. Bd3 Ne7 10. Bh6 0-0 11. h4 Nf6 12. h5 Nxh5 13. g4 Nf6 14. Bxg7 Kxg7 15. Qh6+ Kh8 16. Ng5 Nc6 17. Nxh7 Ng8 18. Qxf8 1-0

[Event "EU-ch 14th"]
[Site "Legnica"]
[Date "2013.05.11"]
[Round "7"]
[White "Kantorik, Marian"]
[Black "Cherednichenko, Elena"]
[Result "1/2-1/2"]
[WhiteElo "2363"]
[BlackElo "2168"]
[PlyCount "84"]
[EventDate "2013.05.05"]
[EventType "swiss"]
[EventRounds "11"]
[EventCountry "POL"]
[SourceTitle "CBM 155"]
[Source "ChessBase"]
[SourceDate "2013.07.16"]
[SourceVersion "1"]
[SourceVersionDate "2013.07.16"]
[SourceQuality "1"]

1. d4 d5 2. c4 e6 3. Nc3 Be7 4. cxd5 exd5 5. Bf4 c6 6. Nf3 Bd6 7. Bg3 Ne7 8. e3 0-0 9. Bd3 Bf5 10. 0-0 Bxg3 11. hxg3 Bxd3 12. Qxd3 Nd7 13. b4 a6 14. a4 f5 15. b5 axb5 16. axb5 Rf6 17. bxc6 bxc6 18. Rfb1 Rh6 19. Ne2 Rxa1 20. Rxa1 Nf6 21. Ra7 Ne4 22. Ne5 Rh1+ 23. Kxh1 Nxf2+ 24. Kh2 Nxd3 25. Nxd3 g5 26. Ne5 Qe8 27. Nf3 Kf8 28. Nc1 Qb8 29. Ra3 Qd6 30. Ra8+ Kg7 31. Ra7 g4 32. Nh4 Kf6 33. Nd3 Qb8 34. Rd7 Ng6 35. Rxh7 Nxh4 36. Rxh4 Qb3 37. Nf4 Kg7 38. Rh5 Qc2 39. Rg5+ Kf7 40. Rg6 Ke7 41. Re6+ Kd7 42. Re5 Kd6 1/2-1/2

[Event "EU-ch 14th"]
[Site "Legnica"]
[Date "2013.05.08"]
[Round "4"]
[White "Cherednichenko, Elena"]
[Black "Antal, Tibor Kende"]
[Result "1/2-1/2"]
[WhiteElo "2168"]
[BlackElo "2349"]
[PlyCount "85"]
[EventDate "2013.05.05"]
[EventType "swiss"]
[EventRounds "11"]
[EventCountry "POL"]
[SourceTitle "CBM 155"]
[Source "ChessBase"]
[SourceDate "2013.07.16"]
[SourceVersion "1"]
[SourceVersionDate "2013.07.16"]
[SourceQuality "1"]

1. d4 d5 2. Nf3 Nf6 3. e3 c5 4. Nbd2 cxd4 5. exd4 Bf5 6. c3 Nc6 7. Be2 Qc7 8. 0-0 e6 9. Re1 Bd6 10. Nf1 0-0 11. Nh4 Bg6 12. Nxg6 hxg6 13. Bd3 e5 14. dxe5 Bxe5 15. Be3 Rfd8 16. Rc1 Rd7 17. Qa4 a6 18. h3 Qd8 19. Bg5 d4 20. Be4 Ne7 21. Bxb7 Rxb7 22. Rxe5 dxc3 23. bxc3 Qc7 24. Rce1 Ned5 25. Bxf6 Nxf6 26. c4 Rc8 27. c5 Qc6 28. Qc4 Qb5 29. Nd2 Rbc7 30. Qxb5 axb5 31. Nb3 Kf8 32. Rc1 Nd7 33. Rd5 Nf6 34. Re5 Nd7 35. Rd5 Nf6 36. Rd6 Ne4 37. Rb6 Nxc5 38. Rxb5 Nxb3 39. Rxc7 Rxc7 40. axb3 Rc1+ 41. Kh2 Rc3 42. Rb7 g5 43. Rb5 1/2-1/2